[Event "ESP-ch Seniors 27th"]
[Site "Santa Susanna"]
[Date "2011.05.20"]
[Round "8"]
[White "Marchador Villalba, Jordi"]
[Black "Batalla Batalla, Josep"]
[Result "1-0"]
[WhiteElo "2109"]
[BlackElo "2111"]
[PlyCount "73"]
[EventDate "2011.05.13"]
[EventType "swiss"]
[EventRounds "9"]
[EventCountry "ESP"]
[SourceTitle "CBM 142 Extra"]
[Source "ChessBase"]
[SourceDate "2011.06.27"]
[SourceVersion "1"]
[SourceVersionDate "2011.06.27"]
[SourceQuality "1"]

1. d4 Nf6 2. Bg5 Ne4 3. Bh4 c5 4. f3 Nd6 5. d5 Qb6 6. e4 f5 7. Bg3 fxe4 8. Bxd6 Qxd6 9. fxe4 e5 10. Nc3 a6 11. a4 b6 12. g3 Be7 13. Qh5+ g6 14. Qh6 Qf6 15. d6 Bf8 16. Qe3 Bb7 17. Bc4 h5 18. Nf3 Bh6 19. Qe2 Qxd6 20. Rd1 Qe7 21. 0-0 Rf8 22. Nh4 Qg5 23. Rxf8+ Kxf8 24. Qf3+ Ke8 25. Ng2 Qe7 26. Rf1 Nc6 27. Bf7+ Kd8 28. Bxg6 Nd4 29. Qd3 b5 30. Bxh5 b4 31. Ne2 d5 32. Nxd4 exd4 33. exd5 Bxd5 34. Bf3 Bxf3 35. Qxf3 Ra7 36. Qd5+ Ke8 37. Qg8+ 1-0

[Event "ESP-ch Seniors 27th"]
[Site "Santa Susanna"]
[Date "2011.05.19"]
[Round "7"]
[White "Batalla Batalla, Josep"]
[Black "Morales Jodar, Ramon"]
[Result "1-0"]
[WhiteElo "2111"]
[BlackElo "1839"]
[PlyCount "99"]
[EventDate "2011.05.13"]
[EventType "swiss"]
[EventRounds "9"]
[EventCountry "ESP"]
[SourceTitle "CBM 142 Extra"]
[Source "ChessBase"]
[SourceDate "2011.06.27"]
[SourceVersion "1"]
[SourceVersionDate "2011.06.27"]
[SourceQuality "1"]

1. e4 c6 2. Nc3 e5 3. Nf3 Qc7 4. d4 exd4 5. Nxd4 Nf6 6. Be2 d5 7. exd5 Nxd5 8. Nxd5 cxd5 9. 0-0 a6 10. Bf3 Be7 11. Bxd5 0-0 12. Qf3 Bd6 13. h3 Nd7 14. Re1 Ne5 15. Qb3 Nc6 16. Nxc6 bxc6 17. Bf3 Rb8 18. Qc4 c5 19. c3 a5 20. b3 Bb7 21. Bxb7 Qxb7 22. Bf4 Bxf4 23. Qxf4 Qc6 24. Re7 Rbd8 25. Rae1 Rde8 26. Qe4 Qxe4 27. R1xe4 Rxe7 28. Rxe7 Rc8 29. Ra7 c4 30. Rxa5 cxb3 31. axb3 g6 32. c4 Rc7 33. Kf1 Kf8 34. Ke2 Ke7 35. Kd3 Ke6 36. b4 Rd7+ 37. Kc3 Rd1 38. Ra2 Rc1+ 39. Rc2 Rg1 40. f3 Kd6 41. c5+ Kd5 42. Rd2+ Kc6 43. Rd6+ Kb5 44. Rb6+ Ka4 45. Kc4 Rc1+ 46. Kd5 Rd1+ 47. Kc6 Rd2 48. Kc7 Rxg2 49. Kb7 Re2 50. c6 1-0

[Event "ESP-ch Seniors 27th"]
[Site "Santa Susanna"]
[Date "2011.05.17"]
[Round "5"]
[White "Batalla Batalla, Josep"]
[Black "Lazaro Porta, Angel"]
[Result "1-0"]
[WhiteElo "2111"]
[BlackElo "1980"]
[PlyCount "65"]
[EventDate "2011.05.13"]
[EventType "swiss"]
[EventRounds "9"]
[EventCountry "ESP"]
[SourceTitle "CBM 142 Extra"]
[Source "ChessBase"]
[SourceDate "2011.06.27"]
[SourceVersion "1"]
[SourceVersionDate "2011.06.27"]
[SourceQuality "1"]

1. e4 e5 2. Nf3 Nf6 3. d4 Nxe4 4. Bd3 d5 5. Nxe5 Nd7 6. Nxd7 Bxd7 7. Nc3 Bb4 8. 0-0 Nxc3 9. bxc3 Bxc3 10. Rb1 0-0 11. Rxb7 Ba5 12. Rb3 Qh4 13. Be2 Rfe8 14. Rg3 Re4 15. Bg5 Bg4 16. Rxg4 Rxg4 17. Bxh4 Rxh4 18. Qd3 Bb6 19. c3 c6 20. Bf3 Bc7 21. g3 Rh6 22. Re1 Bd6 23. c4 Rd8 24. c5 Bf8 25. Re5 Rf6 26. Bg2 Rb8 27. Qe2 g6 28. Re8 Rxe8 29. Qxe8 Re6 30. Qa8 Re1+ 31. Bf1 Rd1 32. Qxc6 Rxd4 33. Qe8 1-0

[Event "Benasque op 30th"]
[Site "Benasque"]
[Date "2010.07.11"]
[Round "4"]
[White "Simon Padros, Emili"]
[Black "Batalla Batalla, Josep"]
[Result "1/2-1/2"]
[WhiteElo "2233"]
[BlackElo "2080"]
[PlyCount "140"]
[EventDate "2010.07.08"]
[EventType "swiss"]
[EventRounds "10"]
[EventCountry "ESP"]
[SourceTitle "CBM 137 Extra"]
[Source "ChessBase"]
[SourceDate "2010.09.01"]
[SourceVersion "1"]
[SourceVersionDate "2010.09.01"]
[SourceQuality "1"]

1. e4 c5 2. d3 Nc6 3. g3 g6 4. Bg2 Bg7 5. f4 e6 6. Nf3 Nge7 7. 0-0 0-0 8. c3 d6 9. Be3 f5 10. Na3 Rb8 11. Nc2 Qc7 12. Bf2 b6 13. exf5 exf5 14. d4 Kh8 15. d5 Nd8 16. Re1 Ng8 17. Ne3 Nf6 18. Nd2 Nf7 19. h3 Nh6 20. Rc1 Bd7 21. b4 Rbe8 22. Qb3 Rf7 23. bxc5 bxc5 24. Rb1 Rfe7 25. Qb7 Bc8 26. Qxc7 Rxc7 27. Nec4 Nf7 28. Rb8 Bd7 29. Rexe8+ Nxe8 30. Nb1 Kg8 31. Be1 Kf8 32. Nba3 Ke7 33. Nb5 Bxb5 34. Rxb5 Kd7 35. Na5 Nd8 36. Nc6 Nxc6 37. dxc6+ Kc8 38. Kf1 Re7 39. Rb7 Rxb7 40. cxb7+ Kb8 41. Ke2 Nc7 42. c4 Ne6 43. Ba5 Bf6 44. Bd5 Nd8 45. Bxd8 Bxd8 46. Bg8 h6 47. Bd5 Kc7 48. Kf3 Bf6 49. h4 Bd8 50. Bf7 g5 51. h5 Kxb7 52. Be6 Kc6 53. fxg5 hxg5 54. h6 Bf6 55. Bxf5 d5 56. Bd3 Kd6 57. Kg4 dxc4 58. Bxc4 Ke5 59. Kh5 Kd4 60. Kg6 Be5 61. Bf7 Bxg3 62. Kxg5 Be5 63. Kf5 Bh8 64. Ke6 c4 65. Kd6 c3 66. Bb3 Kd3 67. Kc6 c2 68. Bxc2+ Kxc2 69. Kb5 Kc3 70. Ka6 Kb4 1/2-1/2

[Event "Catalunya-ch Seniors"]
[Site "Andorra"]
[Date "2006.07.23"]
[Round "6"]
[White "Caballe Sasot, Roger"]
[Black "Batalla Batalla, Josep"]
[Result "1-0"]
[WhiteElo "2102"]
[BlackElo "2128"]
[PlyCount "137"]
[EventDate "2006.07.18"]
[EventType "swiss"]
[EventRounds "9"]
[EventCountry "ESP"]
[SourceTitle "EXT 2019"]
[Source "ChessBase"]
[SourceDate "2018.10.10"]
[SourceVersion "1"]
[SourceVersionDate "2018.10.10"]
[SourceQuality "1"]

1. f4 d6 2. d4 Nf6 3. e3 g6 4. Nf3 Bg7 5. Nc3 0-0 6. Be2 Bf5 7. 0-0 Nbd7 8. Nh4 Be4 9. Nxe4 Nxe4 10. g3 e6 11. Bd3 d5 12. a4 c5 13. Nf3 cxd4 14. exd4 Ndf6 15. Re1 Nd6 16. Rb1 Rc8 17. c3 Qc7 18. Kg2 Rfd8 19. Re2 Nfe4 20. Ne5 f6 21. Nf3 Re8 22. Qb3 Qc6 23. Ra1 Nc4 24. Kg1 Rc7 25. Qb5 Ned6 26. Qxc6 bxc6 27. b3 Na5 28. Ba3 Bf8 29. Bxd6 Bxd6 30. b4 Nb7 31. Rae1 Kf7 32. Kf2 Rce7 33. Ba6 Rb8 34. Nd2 Nd8 35. Nb3 Rb6 36. Bd3 Rb8 37. Na5 Bc7 38. Nb3 Bd6 39. Ra2 Nb7 40. a5 Bc7 41. Rae2 Bd6 42. Kf3 Rbe8 43. Ba6 Rb8 44. g4 Nd8 45. h4 f5 46. g5 Nb7 47. Rh1 Rg8 48. h5 Nd8 49. Reh2 Kf8 50. hxg6 hxg6 51. Re2 Nf7 52. Bc8 Nd8 53. a6 Kf7 54. Na5 Rc7 55. Rh7+ Rg7 56. Rxg7+ Kxg7 57. Bxe6 Re7 58. Bc8 Rxe2 59. Kxe2 Bxf4 60. Bd7 Bc7 61. Nxc6 Nxc6 62. Bxc6 Kf7 63. Bxd5+ Ke7 64. c4 Bb8 65. c5 Ke8 66. b5 Ke7 67. b6 Ke8 68. c6 axb6 69. c7 1-0